| 000 | 00802nam a2200241 a 4500 | ||
|---|---|---|---|
| 001 | 56506 | ||
| 003 | BD-RjUL | ||
| 005 | 20211209080414.0 | ||
| 008 | 161129s1959 ii ||||| |||| 00| 0 ben d | ||
| 020 | _c: IRs 4.00 | ||
| 035 | _a(BD-RjUL)56630 | ||
| 040 |
_aBD-RjUL _bben _cBD-RjUL |
||
| 041 | _aben | ||
| 082 |
_223 _a891.443 _bABM 1959 |
||
| 100 |
_aঅবধূত _9137311 |
||
| 245 | 1 | 0 |
_aমিড় গমক মূর্ছনা / _cঅবধূত |
| 250 | _a৬ষ্ঠ সং . | ||
| 260 |
_aকলিকাতা _bএসোসিয়েটেড বুক _c১৯৫৯ [১৩৬৬] |
||
| 300 |
_a১৫৬ পৃ. ; _c২১ সেমি . |
||
| 650 |
_aবাংলা উপন্যাস _9168051 |
||
| 650 |
_aBengali Fictions _9168052 |
||
| 942 |
_2ddc _cBK |
||
| 999 |
_c56506 _d56506 |
||